000
00282nam a2200109Ia 4500
008
190913s9999||||xx |||||||||||||| ||und||
100
_a
E.C. Pettet
245
0
_a
Introduction and Line to Line The Merchant Of Venice
260
_a
India
_b
S.Chand
_c
1991
300
_a
620
942
_c
BK
999
_c
8080
_d
8080